000 003190000a22001450004500
003 MACL
040 _aMACL
090 _c33911
_d33909
100 _aHarrel, William
245 _aVentura 4.0 In A Day
260 _bBPB Publications
_c1993
350 _a45
650 _aComputer probraming
942 _cBOOK
_k005.113/Har
999 _c33555
_d33555